000 00442cam a2200181ua 4500
020 _c$6.50
041 _aeng
_h
082 _a420
_bWYA/AN
100 _aWyatt, Alfred J .
245 _aAnglo saxon readu /
_cAlfred J Wyatt.
_hTextual Documents
250 _a1 /
_b.
260 _aCambridge :
_bCambridge University Press ,
_c1965.
300 _a360 ; .
365 _a$6.50
504 _a
942 _cBK
999 _c12455
_d12455